| 000 | 00358 a2200169 4500 | ||
|---|---|---|---|
| 001 | 70171 | ||
| 020 | _a852621036X | ||
| 040 | _cAnchieta - Itaigara | ||
| 100 | _aMachado, Ana Maria | ||
| 240 | 1 | 0 |
_aPeer gynt: _lpor |
| 245 | 1 | 0 | _aPeer gynt: |
| 300 | _a102 | ||
| 362 | 0 | _a1997 | |
| 440 | 1 | _aScipione | |
| 650 | 4 | _aLiteratura infanto-juvenil | |
| 942 | _cBK | ||
| 999 |
_c70171 _d70171 |
||